Mario and Luigi: Brothership Enemies - Statistics

General Stats
  • This quiz has been taken 41 times
  • The average score is 61 of 135
Answer Stats
First Encounter Island Enemy % Correct
Wayaway Island Bowser
82%
Conductor Island Seedle
75%
Slippenglide Island Goomba
71%
Fortress Zokket Glohm Bowser
68%
Slippenglide Island Koopa Troopa
68%
Skorcheen Island Bob-omb
64%
Rumbla Island Gorumbla
64%
Color-Full Sea Great Lighthouse Island Sharpcask
64%
Slippenglide Island Spike
64%
Desolatt Island Ten
64%
Fortress Zokket Ten (Extension Corps)
64%
Fortress Zokket Ecks (Extension Corps)
61%
Offandon Island Glohm Goomba
61%
Offandon Island Glohm Koopa Troopa
61%
Rumbla Island Glohm Seedle
61%
Color-Full Sea Great Lighthouse Island Glohm Sharpcask
61%
Slippenglide Island Glohm Spike
61%
Brrrning Sea Great Lighthouse Island Pipegunk
61%
Brrrning Sea Great Lighthouse Island Pipegunk (Fire)
61%
Brrrning Sea Great Lighthouse Island Pipegunk (Ice)
61%
Fortress Zokket Shun (Extension Corps)
61%
Brrrning Sea Great Lighthouse Island Glohm Pipegunk
57%
Brrrning Sea Great Lighthouse Island Glohm Pipegunk (Fire)
57%
Brrrning Sea Great Lighthouse Island Glohm Pipegunk (Ice)
57%
Lushgreen Sea Great Lighthouse Island Gobblick
57%
Skorcheen Island Hammer Bro
57%
Florall Island Hydro Seedle
57%
Slippenglide Island Koopa Paratroopa
57%
Skorcheen Island Piranha Plant
57%
Allsand Island Sharkbone
57%
Fortress Zokket Zokket
57%
Skorcheen Island Fire Bro
54%
Lushgreen Sea Great Lighthouse Island Glohm Gobblick
54%
Rumbla Island Glohm Gorumbla
54%
Conductor Island Great Conductor
54%
Skorcheen Island Ice Bro
54%
Wayaway Island Magikoopa
54%
Lottacoins Island Mega Snaptor
54%
Soli-Tree Reclusa
54%
Soli-Tree Reclusa (Phase 1)
54%
Soli-Tree Reclusa (Phase 2)
54%
Desolatt Island Snaptor
54%
Wayaway Island Boo
50%
Heatfreeze Island Glohm Magmad
50%
Desolatt Island Glohm Snaptor
50%
Heatfreeze Island Magmad
50%
Florall Island Seedle R
50%
Allsand Island Shower Fish (Dehydrated)
50%
Allsand Island Shower Fish (Normal)
50%
Wayaway Island Shy Guy
50%
Lushgreen Sea Great Lighthouse Island Capnap
46%
Wayaway Island Glohm Boo
46%
Wayaway Island Glohm Hammer Bro
46%
Lottacoins Island Glohm Helmet Zok Trooper
46%
Offandon Island Glohm Koopa Paratroopa
46%
Skorcheen Island Glohm Piranha Plant
46%
Wayaway Island Glohm Shy Guy
46%
Twistee Island Glohm Soreboar
46%
Twistee Island Glohm Soreboar (Angry)
46%
Rumbla Island Guardarm
46%
Lottacoins Island Helmet Zok Trooper
46%
Fortress Zokket Jet Zok Trooper
46%
Raynforst Island Parashoot
46%
Twistee Island Soreboar
46%
Twistee Island Soreboar (Angry)
46%
Heatfreeze Island Spiny
46%
Merrygo Island Big Spikely
43%
Bulbfish Island Capnap R
43%
Desolatt Island Drillby
43%
Heatfreeze Island Dry Bones
43%
Desolatt Island Glohm Drillby
43%
Heatfreeze Island Glohm Fire Bro
43%
Rumbla Island Glohm Guardarm
43%
Florall Island Glohm Hydro Seedle
43%
Heatfreeze Island Glohm Icead
43%
Heatfreeze Island Glohm Ice Bro
43%
Fortress Zokket Glohm Jet Zok Trooper
43%
Wayaway Island Glohm Magikoopa
43%
Florall Island Glohm Seedle R
43%
Allsand Island Glohm Sharkbone
43%
Color-Full Sea Great Lighthouse Island Glohm Zokkarang Trooper
43%
Heatfreeze Island Icead
43%
Raynforst Island Invizilizard
43%
Allsand Island Invizilizard R
43%
Offandon Island Millton
43%
Lushgreen Sea Great Lighthouse Island Spikely
43%
Lottacoins Island Spike Zok Trooper
43%
Color-Full Sea Great Lighthouse Island Zokkarang Trooper
43%
Twistee Island Big Soreboar
39%
Twistee Island Big Soreboar (Angry)
39%
Slippenglide Island Drillby R
39%
Twistee Island Glohm Big Soreboar
39%
Twistee Island Glohm Big Soreboar (Angry)
39%
Merrygo Island Glohm Big Spikely
39%
Lushgreen Sea Great Lighthouse Island Glohm Capnap
39%
Bulbfish Island Glohm Capnap R
39%
Slippenglide Island Glohm Drillby R
39%
Raynforst Island Glohm Invizilizard
39%
Raynforst Island Glohm Parashoot
39%
Allsand Island Glohm Shower Fish (Dehydrated)
39%
Allsand Island Glohm Shower Fish (Normal)
39%
Lushgreen Sea Great Lighthouse Island Glohm Spikely
39%
Lottacoins Island Glohm Spike Zok Trooper
39%
Merrygo Island Krode
39%
Heatfreeze Island Ring Zok Trooper
39%
Heatfreeze Island Curlup
36%
Soli-Tree Doom Bloom
36%
Bulbfish Island Foopfly
36%
Allsand Island Glohm Invizilizard R
36%
Merrygo Island Glohm Krode
36%
Offandon Island Glohm Millton
36%
Brrning Sea Great Lighthouse Island Glohm Ring Zok Trooper
36%
Merrygo Island Krode R
36%
Twistee Island Bumbleshoot
32%
Fortress Zokket Foopfly R
32%
Twistee Island Glohm Bumbleshoot
32%
Heatfreeze Island Glohm Curlup
32%
Bulbfish Island Glohm Foopfly
32%
Soli-Tree Glohm Foopfly R
32%
Any Golden Seedle
32%
Petit Islet Curlup R
29%
Skorcheen Island Glohm Palooka
29%
Soli-Tree Glohm Palooka R
29%
Skorcheen Island Palooka
29%
Fortress Zokket Palooka R
29%
Conductor Island ??? (Luigi/Fake Luigi)
25%
Conductor Island ??? (Mario/Fake Mario)
25%
Soli-Tree Weeping Reclusa
21%
Soli-Tree Seedlusa
18%
Soli-Tree Seedlusa (Transformed)
18%
Soli-Tree Weeping Core
18%
Soli-Tree Weeping Trooper (Jet)
18%
Soli-Tree Weeping Trooper (Spike)
18%
Soli-Tree Weeping Trooper (Zokkarang)
18%
Soli-Tree Reclusiff
14%
No matching quizzes found
Score Distribution
Percent of People with Each Score
Percentile by Number Answered
Your Score History
You have not taken this quiz